<?xml version="1.0" encoding="UTF-8"?>
<marc:record xmlns:marc="http://www.loc.gov/MARC21/slim">
   <marc:leader>00000nam a2200000 a 4500</marc:leader>
   <marc:datafield ind1=" " ind2=" " tag="653">
      <marc:subfield code="a">Cassette</marc:subfield>
   </marc:datafield>
   <marc:datafield ind1=" " ind2=" " tag="653">
      <marc:subfield code="a">Jugendbuch / Romane</marc:subfield>
   </marc:datafield>
   <marc:datafield ind1=" " ind2=" " tag="653">
      <marc:subfield code="a">Erzählungen</marc:subfield>
   </marc:datafield>
   <marc:datafield ind1=" " ind2=" " tag="653">
      <marc:subfield code="a">CD</marc:subfield>
   </marc:datafield>
   <marc:datafield ind1="0" ind2="0" tag="245">
      <marc:subfield code="a">Lionboy</marc:subfield>
   </marc:datafield>
   <marc:datafield ind1="0" ind2="0" tag="245">
      <marc:subfield code="c">Zizou Corder. Gelesen von Tommi Piper, der deutschen Stimme von Alf. Aus dem Engl. von Sophie Zeitz. Text eingerichtet von Katia Semprich. Regie: Bernhard Jugel</marc:subfield>
   </marc:datafield>
   <marc:datafield ind1=" " ind2="1" tag="264">
      <marc:subfield code="a">München</marc:subfield>
      <marc:subfield code="b">Der Hörverl.</marc:subfield>
      <marc:subfield code="c">2006</marc:subfield>
   </marc:datafield>
   <marc:datafield ind1="1" ind2=" " tag="520">
      <marc:subfield code="a">Angaben aus der Verlagsmeldung

Lionboy: Die Wahrheit (3) : Gekürzte Lesung / von Zizou Corder

Der Katz sprechende Charlie Ashanti landet wieder einmal Hals über Kopf in einem atemberaubenden Abenteuer. Seine Familie ist zwar vereint, doch die Wiedersehensfreude ist kurz: Charlie wird von seinem Gegenspieler, dem Löwenbändiger Maccomo, auf eine karibische Insel verschleppt – zum Hauptsitz des verbrecherischen Pharma-Syndikats...
Der turbulente Showdown wird dank Tommi Piper zum großartigen Hörvergnügen. Es lohnt sich, wieder einmal zu erleben, wie er einem ganzen Reigen von Figuren Leben einhaucht: dem fiesen Bösewicht Maccomo, dem arroganten Rafi und natürlich den treuen Helfern von Charlie, dem Chamäleon Ninu und dem Kater Sergej.
</marc:subfield>
   </marc:datafield>
   <marc:datafield ind1=" " ind2=" " tag="020">
      <marc:subfield code="a">9783899407631</marc:subfield>
      <marc:subfield code="9">9783899407631</marc:subfield>
   </marc:datafield>
   <marc:datafield ind1=" " ind2=" " tag="020">
      <marc:subfield code="a">3899407636</marc:subfield>
      <marc:subfield code="9">3899407636</marc:subfield>
   </marc:datafield>
   <marc:datafield ind1=" " ind2=" " tag="041">
      <marc:subfield code="a">ger</marc:subfield>
   </marc:datafield>
   <marc:datafield ind1=" " ind2=" " tag="300">
      <marc:subfield code="a">4 CDs</marc:subfield>
   </marc:datafield>
</marc:record>
